| 000 | 01882nam a2200289 a 4500 | ||
|---|---|---|---|
| 003 | CHAP | ||
| 005 | 20221111182758.0 | ||
| 007 | ta | ||
| 008 | 221111s2018 -usadkof |||| 001 0 eng d | ||
| 020 | _a978-1-337-11991-7 | ||
| 040 |
_amxchpua _cCHAP _erda |
||
| 050 | 1 | 0 |
_aQA276 _b.B73 2018 |
| 082 | 0 | 0 |
_220 _a519.5 _bB73 2018 |
| 100 | 1 |
_9185654 _aBrase, Charles Henry _eautor |
|
| 245 | 1 | 0 |
_aUnderstandable statistics : _bconcepts and methods / _cCharles Henry Brase y Corrinne Pellillo Brase |
| 250 | _a12a edición | ||
| 264 |
_aEstados Unidos de América : _bCengage Learning, _c[2018] |
||
| 300 |
_a1 volumen (en varias paginaciones) : _bilustraciones (algunas en color), gráficas, tablas, formularios, fotos _c29 cm. |
||
| 336 |
_2rdacontent _atexto _btxt |
||
| 337 |
_2rdamedia _asin medio _bn |
||
| 338 |
_2rdacarrier _avolumen _bnc |
||
| 520 | _aUNDERSTANDABLE STATISTICS: CONCEPTS AND METHODS, Twelfth Edition, is thorough, accessible, and designed to help you overcome “statistics anxiety” and master the subject. Clear guidance and informal advice help show you the links between statistics and the real world. Making the material interesting as well as easier to understand, the book integrates real-life data from a variety of sources, including journals, newspapers, and the Internet. Special features and exercises throughout the text let you develop your critical-thinking and statistical literacy skills, and interactive online resources offer you extra study assistance and tutorial support—including step-by-step video solutions—outside of class. The use of graphing calculators, Excel®, Minitab®, Minitab Express™, and SPSS® is covered, although not required. | ||
| 650 | 1 | 0 |
_9146193 _aEstadística _xLibros de texto |
| 650 | 1 | 0 |
_9147263 _aMathematical statistics _xTextbooks |
| 700 | 1 |
_9185655 _aBrase, Corrinne Pellillo _eautor |
|
| 942 |
_2ddc _cLibro |
||
| 999 |
_c217784 _d217784 |
||